Trade in Services Between Brazil and the European Community Empirical Trends and Preliminary Hypotheses on Determinants

Saved in:
Bibliographic Details
Main Author: Langhammer, Rolf J.
Format: Book
Language:English
Published: Kiel Institut für Weltwirtschaft 1991
Series:Kiel Working Paper No.464
Tags: Add Tag
No Tags, Be the first to tag this record!

MARC

LEADER 00000nam a2200000 4500
001 c037824
005 20250521093118.1
041 0 |a eng 
044 |a DE 
245 1 0 |a Trade in Services Between Brazil and the European Community  |b Empirical Trends and Preliminary Hypotheses on Determinants  |c Rolf J. Langhammer 
264 1 |a Kiel  |b Institut für Weltwirtschaft  |c 1991 
300 |a 34 s. 
490 1 |a Kiel Working Paper  |v No.464 
830 0 |a Kiel Working Paper  |v No.464 
100 1 |a Langhammer, Rolf J.